01067 2200421 4500001002100000005001500021035002000036245007900056100001500135250000600150300003100156700001800187260002700205082001100232084001700243020001800260650002700278990001700305990001700322990001700339990001700356990001700373990001700390990001700407990001700424990001700441990001700458990001700475990001700492990001700509990001700526990001700543990001700560990001700577990001700594990001700611990001700628INLIS00000000000068620190125042713 a0010-01190001421 aMenghias Rumah dengan Tanaman Pot /cSuprriyono; Penyunting, Ariani Fitria0 aSuprriyono a- a44 hlm. :bilus. ;c21 cm.0 aAriani Fitria aSurabaya :bSIC,c2010 a635.98 a635.98 SUP m a979-9415-95-0 aTanaman Hias dalam pot a02588/P/2018 a02589/P/2018 a02591/P/2018 a02592/P/2018 a02593/P/2018 a02590/P/2018 a02588/P/2018 a02589/P/2018 a02592/P/2018 a02593/P/2018 a02591/P/2018 a02588/P/2018 a02589/P/2018 a02590/P/2018 a02593/P/2018 a02592/P/2018 a02588/P/2018 a02589/P/2018 a02590/P/2018 a02591/P/2018